Statistics for All Cities in Australia With a Map

Click here to take the quiz!

General Stats

  • This quiz has been taken 176 times
  • The average score is 32 of 122

Answers on the Map

Answers color-coded by a green-red scale on the quiz's map according to % correct below.
 

Answer Stats

StatePop.City% Correct
VIC5.08 mMelbourne
97%
WA2.06 mPerth
95%
NSW5.31 mSydney
95%
SA1.36 mAdelaide
93%
QLD2.51 mBrisbane
93%
TAS233 kHobart
92%
NT149 kDarwin
91%
ACT427 kCanberra
89%
QLD679 kGold Coast
84%
QLD153 kCairns
75%
NSW322 kNewcastle
69%
NSW303 kWollongong
68%
QLD181 kTownsville
65%
VIC263 kGeelong
61%
QLD333 kSunshine
Coast
61%
TAS87.3 kLaunceston
56%
VIC105 kBallarat
46%
QLD18.6 kMount Isa
45%
NSW56.4 kWagga
Wagga
44%
VIC99.1 kBendigo
43%
QLD78.6 kRockhampton
43%
NSW53.8 kAlbury
40%
WA29.8 kKalgoorlie
40%
QLD137 kToowoomba
40%
VIC51.9 kMildura
39%
QLD70.9 kBundaberg
35%
QLD80.1 kMackay
35%
NSW40.5 kOrange
35%
WA34.2 kAlbany
34%
WA30.1 kFremantle
34%
NSW257 kParramatta
34%
NSW17.7 kBroken Hill
33%
WA74.4 kBunbury
31%
NSW36.8 kBathurst
30%
WA37.6 kGeraldton
30%
SA13.8 kPort Augusta
30%
NSW36.4 kQueanbeyan
30%
NSW209 kPenrith
29%
NSW38.4 kDubbo
28%
QLD214 kIpswich
28%
SA29.6 kMount
Gambier
27%
NSW75.6 kCoffs Harbour
26%
TAS30.3 kDevonport
26%
SA14.2 kPort Pirie
25%
VIC35.2 kWarrnambool
25%
NT33.7 kPalmerston
24%
SA16.3 kPort Lincoln
24%
NSW43.8 kLismore
23%
VIC35.1 kWodonga
23%
WA87.6 kArmadale
22%
TAS27.2 kBurnie
22%
WA156 kSwan
22%
NSW42.9 kTamworth
22%
VIC51.6 kShepparton
21%
SA21.7 kWhyalla
21%
WA27.6 kBusselton
20%
QLD45.1 kGladstone
20%
NSW23.8 kGoulburn
20%
VIC16.5 kHorsham
20%
WA96.7 kMandurah
20%
VIC142 kFrankston
19%
QLD54.7 kHervey Bay
19%
NSW223 kLiverpool
19%
WA133 kRockingham
19%
NSW24.5 kArmidale
18%
NSW83.2 kMaitland
18%
SA18.8 kMurray
Bridge
18%
WA21.5 kKarratha
17%
NSW374 kBlacktown
16%
NSW171 kCampbelltown
16%
VIC166 kDandenong
16%
NSW19.1 kGrafton
16%
QLD27.3 kMaryborough
16%
VIC15.1 kSale
16%
SA15.0 kVictor Harbor
16%
VIC19.3 kWangaratta
16%
NSW26.9 kGriffith
15%
WA160 kJoondalup
15%
SA16.6 kMount Barker
15%
NSW13.0 kLithgow
13%
VIC165 kMelton
13%
SA121 kPort Adelaide
13%
VIC11.1 kSwan Hill
13%
QLD21.6 kGympie
12%
VIC10.0 kHamilton
12%
VIC8.3 kArarat
11%
VIC15.4 kBairnsdale
11%
NSW79.3 kBlue
Mountains
11%
NSW21.7 kCessnock
11%
NSW154 kRandwick
10%
NSW127 kRyde
10%
QLD8.1 kCharters
Towers
9%
TAS47.6 kGlenorchy
8%
NSW205 kLake
Macquarie
8%
QLD59.5 kRedcliffe
8%
QLD67.5 kCaboolture
7%
WA93.0 kCanning
7%
NSW211 kFairfield
7%
NSW72.2 kShellharbour
7%
WA43.6 kSouth Perth
7%
WA17.1 kSubiaco
7%
WA204 kWanneroo
7%
QLD15.4 kWarwick
7%
QLD51.1 kCaloundra
6%
NSW95.2 kCanada Bay
6%
TAS56.9 kClarence
6%
WA112 kCockburn
6%
QLD327 kLogan City
6%
QLD157 kRedland City
6%
NSW80.3 kWilloughby
6%
VIC9.3 kBenalla
5%
WA123 kGosnells
5%
WA43.5 kKwinana
5%
NSW104 kShoalhaven
5%
WA66.1 kBayswater
4%
WA22.6 kNedlands
4%
WA220 kStirling
4%
NSW67.1 kHawkesbury
3%
WA57.4 kKalamunda
3%
VIC75.2 kLatrobe
3%
WA102 kMelville
2%
QLD59.2 kThuringowa
1%

Score Distribution

Percentile by Number Answered

Percent of People with Each Score

Your Score History

You have not taken this quiz